| 000 | 00411nam a2200169Ia 4500 | ||
|---|---|---|---|
| 008 | 230524s9999 xx 000 0 und d | ||
| 020 | _a8173713103 | ||
| 082 |
_a401.11 _bFOW |
||
| 100 |
_aAlan Flowlen _916904 |
||
| 245 | 4 | _aThe Diciplinary Interview | |
| 250 | _a1ST | ||
| 260 |
_aHYDERABAD _bUniversity Press _c2000 |
||
| 300 | _aV;72 | ||
| 500 | _aQuantity Number: 1 | ||
| 650 | _aEnglish | ||
| 942 | _cBK | ||
| 999 |
_c25605 _d25605 |
||